|
|
|
|
| LEADER |
00797nam a2200313 4500 |
| 001 |
DLU060055314 |
| 005 |
##20060927 |
| 040 |
# |
# |
|a DLU
|b vie
|
| 041 |
# |
# |
|a vie
|
| 044 |
# |
# |
|a vn
|
| 082 |
# |
# |
|a 895.11
|b Tho
|
| 245 |
# |
# |
|a Thơ Lý Bạch /
|c Ngô Văn Phú sưu tầm, biên soạn, dịch thơ
|
| 260 |
# |
# |
|a H. :
|b Lao động,
|c 2005
|
| 300 |
# |
# |
|a 418 tr. ;
|c 21 cm
|
| 504 |
# |
# |
|a Tài liệu tham khảo :tr.412
|
| 653 |
# |
# |
|a Sưu tập thơ
|
| 653 |
# |
# |
|a Thơ đường
|
| 700 |
# |
# |
|a Ngô Văn Phú,
|e sưu tầm, biên soạn, dịch thơ
|
| 720 |
# |
# |
|a Lý Bạch
|
| 923 |
# |
# |
|a 21/2006
|
| 992 |
# |
# |
|a 45.000
|
| 994 |
# |
# |
|a DLU
|
| 900 |
# |
# |
|a True
|
| 911 |
# |
# |
|a Đào Thị Thu Huyền
|
| 925 |
# |
# |
|a G
|
| 926 |
# |
# |
|a A
|
| 927 |
# |
# |
|a SH
|
| 980 |
# |
# |
|a Thư viện Trường Đại học Đà Lạt
|